000
00471nam a2200145Ia 4500
008
100204s9999 xx 000 0 und d
082
_b
14525
245
_a
तिबेटी डॉक्टर
260
_b
"अंजली प्रकाशन, पुणे"
_c
1990
300
_a
292
630
_a
तिबेटी डॉक्टर
700
_a
पुरंदरे ग. नी.
730
_a
तिबेटी डॉक्टर
942
_c
BOOK
999
_c
458956
_d
458953